Assessment of growth monitoring and promotion programme of the integrated child development services in Maharashtra (Record no. 506359)

000 -LEADER
fixed length control field 00520nam a2200169Ia 4500
008 - FIXED-LENGTH DATA ELEMENTS--GENERAL INFORMATION
fixed length control field 181130s2018 xx 000 0 und d
100 ## - MAIN ENTRY--PERSONAL NAME
Personal name Radkar, Anjali
245 ## - TITLE STATEMENT
Title Assessment of growth monitoring and promotion programme of the integrated child development services in Maharashtra
260 ## - PUBLICATION, DISTRIBUTION, ETC.
Date of publication, distribution, etc. 2018
300 ## - PHYSICAL DESCRIPTION
Extent p.186-206.
504 ## - BIBLIOGRAPHY, ETC. NOTE
-- Jun
650 ## - SUBJECT ADDED ENTRY--TOPICAL TERM
Topical term or geographic name entry element Child development
650 ## - SUBJECT ADDED ENTRY--TOPICAL TERM
Topical term or geographic name entry element Child welfare
700 ## - ADDED ENTRY--PERSONAL NAME
Personal name Parasuraman, Sulabha and Ghanekar, Jai
773 ## - HOST ITEM ENTRY
Main entry heading Artha Vijnana
906 ## - LOCAL DATA ELEMENT F, LDF (RLIN)
a Child welfare
Holdings
Withdrawn status Lost status Damaged status Not for loan Permanent Location Current Location Date acquired Serial Enumeration / chronology Barcode Date last seen Price effective from Koha item type
        Indian Institute of Public Administration Indian Institute of Public Administration 2018-12-07 60(2), Jun, 2018: p.186-206. AR118154 2018-12-07 2018-12-07 Articles

Powered by Koha